| 000 | 00863 a2200205 4500 | ||
|---|---|---|---|
| 003 | Nust | ||
| 005 | 20221208193630.0 | ||
| 010 | _a 82017593 | ||
| 020 | _a0471880884 | ||
| 040 | _cNust | ||
| 082 | 0 | 0 | _a621.382,HAY |
| 100 | 1 |
_aHaykin, Simon S., _997334 |
|
| 245 | 1 | 0 |
_aCommunication systems / _cSimon Haykin. |
| 250 | _a2nd ed. | ||
| 260 |
_aNew York : _bWiley, _cc1983. |
||
| 300 |
_axvi, 653 p. : _bill. ; _c24 cm. |
||
| 505 | _aIntroduction (Page-2), Representation of Signals and Systems (Page-10), Amplitude Modulation (Page-112), Angle Modulation (Page-180), Radom Processes (Page-230), Noise in CW Modulation (Page-318), Pulse Analog Modulation (Page-364), Pulse Digital Modulation (Page-408), Based data Transmission (Page-466), Band-Pass Data Transmission (Page-506). | ||
| 650 | 0 |
_aTelecommunications engineering. _958485 |
|
| 942 |
_2ddc _cBK |
||
| 999 |
_c180821 _d180821 |
||